Les origines de la France contemporaine / (Record no. 165987)

MARC details
000 -LEADER
campo de control de longitud fija 01003nam a22002175i 4500
001 - NÚMERO DE CONTROL
campo de control 165987
003 - IDENTIFICADOR DE NÚMERO DE CONTROL
campo de control ES-MaACL
005 - FECHA Y HORA DE LA ÚLTIMA TRANSACCIÓN
campo de control 20251015063148.0
008 - DATOS DE LONGITUD FIJA--INFORMACIÓN GENERAL
campo de control de longitud fija 990125m18761894fr |||| | fre d
040 ## - FUENTE DE CATALOGACIÓN
Centro catalogador/agencia de origen CCPB | B
Lengua de catalogación spa
Centro/agencia transcriptor CCPB | B
080 ## - NÚMERO DE LA CLASIFICACIÓN DECIMAL UNIVERSAL
Número de la Clasificación Decimal Universal 94(44)"1789/99"
100 1# - ENTRADA PRINCIPAL--NOMBRE DE PERSONA
Nombre de persona Taine, Hippolyte,
Fechas asociadas al nombre 1828-1893
9 (RLIN) 109085
245 14 - MENCIÓN DEL TÍTULO
Título Les origines de la France contemporaine /
Mención de responsabilidad, etc. par H. Taine.
260 ## - PUBLICACIÓN, DISTRIBUCIÓN, ETC.
Lugar de publicación, distribución, etc. Paris :
Nombre del editor, distribuidor, etc. Libraire Hachette,
Fecha de publicación, distribución, etc. 1876-1894.
300 ## - DESCRIPCIÓN FÍSICA
Extensión 6 v. ;
Dimensiones 22 cm.
505 8# - NOTA DE CONTENIDO CON FORMATO
Nota de contenido con formato 1. L'ancien régime.- 1876 -- 2. La Révolution (3 v.) (2.1. L'anarchie.- 1878) (2.2. La conquete jacobine .- 1881) (2.3. Le gouvernement révolutionnaire.- 1885) -- 3. Le régime moderne (2 v.).- 1891-1894
595 ## -
-- El tomo 1º es de la 3ª edición.- El tomo 3º de la Revolution, Le gouvernement révolutionnaire es la 9ª edición.
651 #4 - PUNTO DE ACCESO ADICIONAL DE MATERIA--NOMBRE GEOGRÁFICO
Nombre geográfico Francia-
Subdivisión general Historia-
Subdivisión cronológica 1789-1799, Revolución
9 (RLIN) 241176
852 ## - LOCALIZACIÓN
Ubicación ES-MaACL
Número de control de estantería B-7187-92
Nota libre -- Enc. pasta española
Holdings
Estatus retirado Estado de pérdida Estado de daño No para préstamo Colección Biblioteca de origen Biblioteca actual Ubicación en estantería Fecha de adquisición Total de préstamos Signatura topográfica completa Código de barras Visto por última vez Precio de reemplazo Tipo de ítem Koha
        Libros del s. XIX Biblioteca del Ateneo de Madrid Biblioteca del Ateneo de Madrid Sala Pardo Bazán 17/01/2008   B-7187-92 1174075 23/02/2023 23/02/2023 Libro impreso antiguo